书目信息 |
| 题名: |
法治社会下的职业教育公平机制研究
|
|
| 作者: | 刘明 , 尹凡 , 张玉霞 著 | |
| 分册: | ||
| 出版信息: | 长春 吉林人民出版社 2014.7 |
|
| 页数: | [11],340页 | |
| 开本: | 24cm | |
| 丛书名: | ||
| 单 册: | ||
| 中图分类: | G719.2 | |
| 科图分类: | ||
| 主题词: | 职业教育--Zhi Ye Jiao Yu--公平原则--研究--中国 , 公平原则--Gong Ping Yuan Ze , 研究--Yan Jiu , 中国--Zhong Guo | |
| 电子资源: | ||
| ISBN: | 978-7-206-10701-6 | |
| 000 | 01125nam0 22003011 450 | |
| 001 | 350851 | |
| 005 | 20161012082421.67 | |
| 010 | @a978-7-206-10701-6@dCNY59.80 | |
| 100 | @a20141121d2014 em y0chiy0110 ea | |
| 101 | 0 | @achi |
| 102 | @aCN@b220000 | |
| 105 | @aak an 000yy | |
| 106 | @ar | |
| 200 | 1 | @a法治社会下的职业教育公平机制研究@AFa Zhi She Hui Xia De Zhi Ye Jiao Yu Gong Ping Ji Zhi Yan Jiu@f刘明,尹凡,张玉霞著 |
| 210 | @a长春@c吉林人民出版社@d2014.7 | |
| 215 | @a[11],340页@c图@d24cm | |
| 320 | @a有书目 (第205-208页) | |
| 330 | @a本书在深入探讨职业教育公平概念和内容的基础上,通过分析我国职业教育发展的历史进程与现状,深入挖掘我国职业教育发展中的不公平现象及其产生原因、借鉴英国、德国和美国等国家职业教育公平的理论和实践等。 | |
| 606 | 0 | @a职业教育@AZhi Ye Jiao Yu@x公平原则@x研究@y中国 |
| 606 | 0 | @a公平原则@AGong Ping Yuan Ze |
| 606 | 0 | @a研究@AYan Jiu |
| 606 | 0 | @a中国@AZhong Guo |
| 690 | @aG719.2@v5 | |
| 701 | 0 | @a刘明@ALiu Ming@f1980-@4著 |
| 701 | 0 | @a尹凡@AYin Fan@f1983-@4著 |
| 701 | 0 | @a张玉霞@AZhang Yu Xia@4著 |
| 801 | 0 | @aCN@bTANGWEI@c20160808 |
| 905 | @b0892100-4@dG719.2@e36@f5 | |
| 法治社会下的职业教育公平机制研究/刘明,尹凡,张玉霞著.-长春:吉林人民出版社,2014.7 |
| [11],340页:图;24cm |
| ISBN 978-7-206-10701-6:CNY59.80 |
| 本书在深入探讨职业教育公平概念和内容的基础上,通过分析我国职业教育发展的历史进程与现状,深入挖掘我国职业教育发展中的不公平现象及其产生原因、借鉴英国、德国和美国等国家职业教育公平的理论和实践等。 |
| ● |
| 相关链接 |
|
|
|
|
正题名:法治社会下的职业教育公平机制研究
索取号:G719.2/36
 
预约/预借
| 序号 | 登录号 | 条形码 | 馆藏地/架位号 | 状态 | 备注 |
| 1 | 0892100 | 208921005 | 第一样本阅览室/ [索取号:G719.2/36] | 在馆 | |
| 2 | 0892101 | 208921014 | 第四借阅区/ [索取号:G719.2/36] | 在馆 | |
| 3 | 0892102 | 208921023 | 第四借阅区/ [索取号:G719.2/36] | 在馆 | |
| 4 | 0892103 | 208921032 | 第四借阅区/ [索取号:G719.2/36] | 在馆 | |
| 5 | 0892104 | 208921041 | 密集书库-史法系/ [索取号:G719.2/36] | 在馆 |